000 00716nam a22002057a 4500
005 20251108171905.0
008 250721s2001 xx 000 0 ara d
082 1 4 _a956.441/أحم
100 1 _aأحمد، عبد العزيز السيد
_eمؤلف
245 1 0 _aالخليل :
_bصراع بين التهويد و التحرير من إنتفاضة 1929-200 /
264 1 _aعمان :
_bالمؤسسة العربية الدولية،
_c2001.
300 _a368 ص.
650 1 7 _aالنزاع العربي الإسرائيلي
650 1 7 _aتاريخ فلسطين
650 1 7 _aالتهويد
650 1 7 _aالخليل
700 1 _aالزرو، نواف
_eتأليف
942 _2ddc
_cBK
999 _c65268
_d65268